<?xml version="1.0" encoding="UTF-8"?><?xml-stylesheet type="text/xsl" href="static/style.xsl"?><OAI-PMH xmlns="http://www.openarchives.org/OAI/2.0/" xmlns:xsi="http://www.w3.org/2001/XMLSchema-instance" xsi:schemaLocation="http://www.openarchives.org/OAI/2.0/ http://www.openarchives.org/OAI/2.0/OAI-PMH.xsd"><responseDate>2026-04-27T03:34:10Z</responseDate><request verb="GetRecord" identifier="oai:repisalud.isciii.es:20.500.12105/27429" metadataPrefix="marc">https://repisalud.isciii.es/rest/oai/request</request><GetRecord><record><header><identifier>oai:repisalud.isciii.es:20.500.12105/27429</identifier><datestamp>2026-04-16T00:16:45Z</datestamp><setSpec>com_20.500.12105_27396</setSpec><setSpec>com_20.500.12105_5570</setSpec><setSpec>com_20.500.12105_2404</setSpec><setSpec>com_20.500.12105_2403</setSpec><setSpec>col_20.500.12105_27397</setSpec></header><metadata><record xmlns="http://www.loc.gov/MARC21/slim" xmlns:dcterms="http://purl.org/dc/terms/" xmlns:doc="http://www.lyncode.com/xoai" xmlns:xsi="http://www.w3.org/2001/XMLSchema-instance" xsi:schemaLocation="http://www.loc.gov/MARC21/slim http://www.loc.gov/standards/marcxml/schema/MARC21slim.xsd">
   <leader>00925njm 22002777a 4500</leader>
   <datafield ind2=" " ind1=" " tag="042">
      <subfield code="a">dc</subfield>
   </datafield>
   <datafield ind2=" " ind1=" " tag="720">
      <subfield code="a">Rodríguez-Jaime, Carlos</subfield>
      <subfield code="e">author</subfield>
   </datafield>
   <datafield ind2=" " ind1=" " tag="720">
      <subfield code="a">González-Pérez, Begoña</subfield>
      <subfield code="e">author</subfield>
   </datafield>
   <datafield ind2=" " ind1=" " tag="720">
      <subfield code="a">Montero-Marco, Jessica</subfield>
      <subfield code="e">author</subfield>
   </datafield>
   <datafield ind2=" " ind1=" " tag="720">
      <subfield code="a">Serrano-Barcos, Laura</subfield>
      <subfield code="e">author</subfield>
   </datafield>
   <datafield ind2=" " ind1=" " tag="260">
      <subfield code="c">2026-03</subfield>
   </datafield>
   <datafield ind2=" " ind1=" " tag="520">
      <subfield code="a">[ES] Objetivos. Evaluar el impacto de una intervención con modificación de las condiciones de trabajo, mediante la metodología MAPO, sobre el bienestar y salud osteomuscular de los trabajadores. Método. Diseño cuasiexperimental antes-después con 30 trabajadores (16 TCAE, 10 enfermeras y 4 celadores). La estrategia combinó refuerzo de celadores, incorporación de ayudas técnicas (grúa de techo, bipedestador y sábanas deslizantes) y un programa educativo compuesto por tres talleres de movilización segura y dos sesiones de Escuela de Espalda. Se registraron: índice MAPO, Índice de Felicidad de Pemberton, Escala Oswestry, Cuestionario Nórdico, IMC y variables sociodemográficas. Los cambios pre-post se analizaron con t pareada o Wilcoxon según normalidad; las variables categóricas se compararon mediante X². Resultados. El índice MAPO de días laborables cayó de 6,3 a 1,9 puntos, lo que supone una reducción del 69 % y un paso de riesgo alto (rojo) a moderado-bajo (amarillo). El bienestar percibido aumentó 0,78 ± 1,22 puntos (p = 0,002; d = 0,64), con la mayor mejora en enfermería (+1,11). No se observaron variaciones en la discapacidad lumbar (Oswestry, p = 0,77), en la prevalencia de síntomas musculoesqueléticos (60 % → 57 %; p = 0,68) ni en el IMC global (-0,03 kg/m²; p = 0,40). Conclusiones. La intervención redujo notablemente el riesgo ergonómico y elevó el bienestar de la plantilla. La ausencia de mejoras clínicas inmediatas indica que los beneficios musculoesqueléticos podrían requerir un seguimiento más largo. Futuras investigaciones deberían ampliar la muestra y el seguimiento a mediano-largo plazo de los cambios aplicados. [EN] Objectives. To evaluate the impact of a work-condition modification intervention, guided by the MAPO methodology, on workers’ wellbeing and musculoskeletal health. Methods. A before-and-after quasi-experimental design was applied to 30 staff members (16 nursing assistants, 10 nurses and 4 orderlies). The strategy combined reinforcement of orderlies, introduction of mechanical aids (ceiling hoist, stand-assist device and sliding sheets) and an educational programme comprising three safe-handling work shops and two back-school sessions. Outcomes recorded were: MAPO index, Pemberton Happiness Index, Oswestry Disability Index, Nordic Musculoskeletal Questionnaire scores, BMI and sociodemographic data. Pre–post changes were analysed with paired t-tests or Wilcoxon tests according to normality; categorical variables were compared with X² tests. Results. The weekday MAPO index fell from 6.3 to 1.9 points, a 69 % reduction that shifted risk from high (red) to moderate-low (yellow). Perceived wellbeing rose by 0.78 ± 1.22 points (p = 0.002; d = 0.64), with nurses showing the greatest improvement (+1.11). No significant changes were observed in lumbar disability (Oswestry, p = 0.77), the prevalence of musculoskeletal symptoms (60 % → 57 %; p = 0.68) or overall BMI (-0.03 kg/m²; p = 0.40). Conclusions. The intervention markedly reduced ergonomic risk and enhanced staff wellbeing. The lack of immediate clinical improvements suggests that musculoskeletal benefits may require longer follow-up. Future research should increase sample size and extend follow-up into the medium to long term to gauge the sustained effects of the implemented changes.</subfield>
   </datafield>
   <datafield ind1="8" ind2=" " tag="024">
      <subfield code="a">Rodríguez-Jaime C, González-Pérez B, Montero-Marco J, Serrano-Barcos, L. Intervención sobre el bienestar físico y  emocional de los trabajadores de la planta de medicina interna del Hospital Clínico Universitario Lozano Blesa que  movilizan pacientes. Med Segur Trab (Internet). 2026;72(282): -67. doi: 10.4321/s0465-546x2026000100006</subfield>
   </datafield>
   <datafield ind1="8" ind2=" " tag="024">
      <subfield code="a">1989-7790</subfield>
   </datafield>
   <datafield ind1="8" ind2=" " tag="024">
      <subfield code="a">https://hdl.handle.net/20.500.12105/27429</subfield>
   </datafield>
   <datafield ind1="8" ind2=" " tag="024">
      <subfield code="a">10.4321/s0465-546x2026000100006</subfield>
   </datafield>
   <datafield ind1="8" ind2=" " tag="024">
      <subfield code="a">Medicina y Seguridad del Trabajo (Internet)  2026; 72 (282) Enero-Marzo.</subfield>
   </datafield>
   <datafield ind1="8" ind2=" " tag="024">
      <subfield code="a">156240044</subfield>
   </datafield>
   <datafield tag="653" ind2=" " ind1=" ">
      <subfield code="a">Ergonomía</subfield>
   </datafield>
   <datafield tag="653" ind2=" " ind1=" ">
      <subfield code="a">Transferencia de pacientes</subfield>
   </datafield>
   <datafield tag="653" ind2=" " ind1=" ">
      <subfield code="a">Trastornos musculoesqueléticos</subfield>
   </datafield>
   <datafield tag="653" ind2=" " ind1=" ">
      <subfield code="a">Salud laboral</subfield>
   </datafield>
   <datafield tag="653" ind2=" " ind1=" ">
      <subfield code="a">Personal de salud</subfield>
   </datafield>
   <datafield tag="653" ind2=" " ind1=" ">
      <subfield code="a">Ergonomics</subfield>
   </datafield>
   <datafield tag="653" ind2=" " ind1=" ">
      <subfield code="a">Patient transfer</subfield>
   </datafield>
   <datafield tag="653" ind2=" " ind1=" ">
      <subfield code="a">Musculoskeletal diseases</subfield>
   </datafield>
   <datafield tag="653" ind2=" " ind1=" ">
      <subfield code="a">Occupational health</subfield>
   </datafield>
   <datafield tag="653" ind2=" " ind1=" ">
      <subfield code="a">Health personnel</subfield>
   </datafield>
   <datafield ind2="0" ind1="0" tag="245">
      <subfield code="a">Intervención sobre el bienestar físico y emocional de los trabajadores de la planta de medicina interna del Hospital Clínico Universitario Lozano Blesa que movilizan pacientes.</subfield>
   </datafield>
</record></metadata></record></GetRecord></OAI-PMH>